| 000 | 00678nmc a2200277 a 4500 | ||
|---|---|---|---|
| 003 | AR-BaBNM | ||
| 005 | 20251128211422.0 | ||
| 008 | 104020s2004 ||||||||||||||000 | spa|| | ||
| 020 | _a950-07-2510-X | ||
| 040 | _cAR-BaBNM | ||
| 100 | 1 | _aSmania, Estela | |
| 245 | 1 | 0 | _a¡Ay, Renata! |
| 250 | _a1ª ed. | ||
| 260 |
_aBuenos Aires _bSudamericana _c2004 |
||
| 300 | 0 | _a32 p. | |
| 490 | 0 | _aLos caminadores | |
| 650 | 4 | _aLITERATURA ARGENTINA | |
| 650 | 4 | _aLITERATURA INFANTIL | |
| 650 | 4 | _aLIBROS PARA NINOS | |
| 650 | 4 | _aCUENTOS DE AVENTURAS | |
| 655 | _aLITERATURA | ||
| 700 | 1 |
_aCis, Valeria _eilustrador |
|
| 800 | 0 | _aCanela | |
| 942 | _cBK | ||
| 998 | _cmartin | ||
| 999 |
_c19604 _d19604 |
||